[Event "Ljubljana op"]
[Site "Ljubljana"]
[Date "2024.04.28"]
[Round "3"]
[White "Premerl, Ana Kaja"]
[Black "Urbanc, Suzana"]
[Result "0-1"]
[WhiteElo "1478"]
[BlackElo "1774"]
[PlyCount "74"]
[EventDate "2024.04.27"]
[EventType "swiss"]
[EventRounds "9"]
[EventCountry "SLO"]
[SourceTitle "CB19_2024"]
[SourceDate "2024.05.08"]
[SourceVersion "1"]
[SourceVersionDate "2024.05.08"]
[SourceQuality "1"]

1. e4 Nf6 2. e5 Nd5 3. d4 d6 4. c4 Nb6 5. exd6 cxd6 6. Nf3 g6 7. Be2 Bg7 8. 0-0 0-0 9. b3 Nc6 10. Bb2 Bg4 11. Qd2 e5 12. d5 Bxf3 13. Bxf3 Nd4 14. Bxd4 exd4 15. Qd3 Nd7 16. b4 Ne5 17. Qb3 Nxf3+ 18. Qxf3 d3 19. Nd2 Bxa1 20. Rxa1 Re8 21. Qxd3 Qe7 22. g3 b6 23. Qd4 Qe5 24. Qxe5 Rxe5 25. f4 Re2 26. Rd1 Rae8 27. a4 Re1+ 28. Rxe1 Rxe1+ 29. Kf2 Ra1 30. c5 bxc5 31. bxc5 dxc5 32. d6 Rxa4 33. Nb3 Ra6 34. d7 Rd6 35. Nxc5 Kf8 36. Ke3 Ke7 37. h4 Rd5 0-1